[Event "Centrocoop Sept op"]
[Site "Eforie Nord"]
[Date "1999.09.??"]
[Round "?"]
[White "Makarenkov, Aleksandr"]
[Black "Iordache, Claudiu Badea"]
[Result "0-1"]
[WhiteElo "1650"]
[BlackElo "2170"]
[PlyCount "128"]
[EventDate "1999.09.??"]
[EventType "swiss"]
[EventRounds "11"]
[EventCountry "ROU"]
[SourceTitle "EXT 2004"]
[Source "ChessBase"]
[SourceDate "2003.11.25"]
[SourceVersion "1"]
[SourceVersionDate "2003.11.25"]
[SourceQuality "1"]

1. c4 e5 2. Nc3 Nf6 3. d3 d5 4. cxd5 Nxd5 5. Nf3 Nc6 6. g3 Be7 7. Bg2 Be6 8. 0-0 0-0 9. a3 Kh8 10. e4 Nb6 11. b4 a6 12. Bb2 Qd7 13. Qc2 Rad8 14. Rad1 Bg4 15. Ne2 Bf6 16. Ne1 Nd4 17. Bxd4 Bxe2 18. Qxe2 Qxd4 19. Nf3 Qd7 20. Qc2 Rfe8 21. Kh1 Nc8 22. Ne1 Nd6 23. a4 c6 24. Rc1 Re7 25. Qc5 Ne8 26. h4 Nc7 27. Kh2 Ne6 28. Qe3 Nd4 29. Rb1 c5 30. bxc5 Qxa4 31. Qc1 Rc7 32. Qc3 Ne6 33. Rb4 Qa5 34. Nf3 Rxc5 35. Qb3 Rxd3 36. Qxd3 Qxb4 37. Qd7 Rc7 38. Qe8+ Qf8 39. Qa4 g6 40. Bh3 Nc5 41. Qa5 Qd6 42. Qb4 Qd3 43. Nd2 Be7 44. Qa5 Rc6 45. Bg2 b6 46. Qa2 Ne6 47. Nf3 f6 48. Ne1 Qc4 49. Qd2 Rd6 50. Qe3 Kg7 51. Qa3 Rd7 52. Qb2 Bc5 53. Kg1 Nd4 54. Nf3 a5 55. Nd2 Qd3 56. Nb1 a4 57. Nc3 Qxc3 58. Qb1 Nf3+ 59. Kh1 a3 60. Rd1 Nd4 61. Bh3 Ra7 62. Qa2 Qf3+ 63. Bg2 Qxd1+ 64. Kh2 Qb3 0-1

[Event "Centrocoop Sept op-A"]
[Site "Eforie Nord"]
[Date "1998.??.??"]
[Round "?"]
[White "Iordache, Claudiu Badea"]
[Black "Fufulyan, G."]
[Result "1-0"]
[WhiteElo "2175"]
[BlackElo "2100"]
[PlyCount "61"]
[EventDate "1998.09.??"]
[EventType "swiss"]
[EventRounds "11"]
[EventCountry "ROU"]
[SourceTitle "EXT 2000"]
[Source "ChessBase"]
[SourceDate "1999.11.16"]
[SourceVersion "1"]
[SourceVersionDate "1999.11.16"]
[SourceQuality "1"]

1. e4 e5 2. Nf3 Nc6 3. Bb5 a6 4. Ba4 Nf6 5. Qe2 b5 6. Bb3 Be7 7. a4 Rb8 8. axb5 axb5 9. Nc3 b4 10. Nd5 Nd4 11. Nxd4 exd4 12. Qc4 0-0 13. Qxd4 Nxd5 14. Bxd5 c6 15. Bb3 c5 16. Qe3 Bb7 17. 0-0 Kh8 18. d3 f5 19. f4 Qc7 20. Qe2 Rbc8 21. Qh5 fxe4 22. Bf7 Qc6 23. Be8 exd3 24. Rf2 c4 25. Be3 Qe4 26. Bg6 Qxg6 27. Qxg6 hxg6 28. cxd3 cxd3 29. Ra5 Be4 30. Re5 Bf6 31. Rxe4 1-0

[Event "Centrocoop Sept op-A"]
[Site "Eforie Nord"]
[Date "1998.??.??"]
[Round "?"]
[White "Iordache, Claudiu Badea"]
[Black "Ionescu, Irina"]
[Result "1/2-1/2"]
[WhiteElo "2175"]
[BlackElo "2345"]
[PlyCount "84"]
[EventDate "1998.09.??"]
[EventType "swiss"]
[EventRounds "11"]
[EventCountry "ROU"]
[SourceTitle "EXT 2000"]
[Source "ChessBase"]
[SourceDate "1999.11.16"]
[SourceVersion "1"]
[SourceVersionDate "1999.11.16"]
[SourceQuality "1"]

1. e4 g6 2. d4 Bg7 3. f4 d5 4. e5 c5 5. Nf3 Nc6 6. Be2 cxd4 7. Nxd4 Nh6 8. Nc3 0-0 9. Bf3 e6 10. Be3 f6 11. exf6 Qxf6 12. Nce2 Bd7 13. 0-0 Rac8 14. Qd2 Nf5 15. Nxf5 Qxf5 16. c4 Ne7 17. Rac1 Bc6 18. Bc5 Rfe8 19. Qb4 Bf8 20. Nd4 Qf6 21. Rce1 Nf5 22. Nxf5 Qxf5 23. Bxf8 Rxf8 24. cxd5 Bxd5 25. Bxd5 Qxd5 26. Re5 Rc4 27. Qxf8+ Kxf8 28. Rxd5 exd5 29. g3 Ke7 30. Kg2 Kd6 31. Rf2 d4 32. Kf3 Kd5 33. Rd2 Rc7 34. h3 Re7 35. Kf2 Re3 36. Rc2 Ke4 37. Rc7 Kd3 38. Rxh7 Re2+ 39. Kf1 Rxb2 40. f5 Ke3 41. Re7+ Kf3 42. Ke1 gxf5 1/2-1/2

[Event "Centrocoop Sept op-A"]
[Site "Eforie Nord"]
[Date "1998.??.??"]
[Round "?"]
[White "Lupu, Gheorghe"]
[Black "Iordache, Claudiu Badea"]
[Result "0-1"]
[WhiteElo "1650"]
[BlackElo "2175"]
[PlyCount "80"]
[EventDate "1998.09.??"]
[EventType "swiss"]
[EventRounds "11"]
[EventCountry "ROU"]
[SourceTitle "EXT 2000"]
[Source "ChessBase"]
[SourceDate "1999.11.16"]
[SourceVersion "1"]
[SourceVersionDate "1999.11.16"]
[SourceQuality "1"]

1. d4 Nf6 2. c4 c5 3. d5 e6 4. Nc3 exd5 5. cxd5 d6 6. Nf3 g6 7. Bg5 h6 8. Bxf6 Qxf6 9. Nd2 Bg7 10. e3 0-0 11. Bd3 Qg5 12. Qc2 Na6 13. a3 Nc7 14. Be4 b5 15. h4 Qe7 16. g3 Bd7 17. Bg2 a5 18. Rb1 b4 19. Nce4 Bf5 20. Qc4 Bd7 21. Qb3 Rab8 22. a4 Bf5 23. 0-0 Na8 24. f3 Nb6 25. g4 Bd7 26. Ra1 f5 27. Nxc5 dxc5 28. d6+ Qe6 29. Rfd1 c4 30. gxf5 gxf5 31. Qc2 Qxe3+ 32. Kh1 b3 33. Qc1 Qf4 34. Nf1 Qxc1 35. Raxc1 Bxb2 36. Rb1 c3 37. Re1 Rfe8 38. Ne3 f4 39. Ng4 Bxg4 40. fxg4 c2 0-1

[Event "Centrocoop Sept op-A"]
[Site "Eforie Nord"]
[Date "1998.??.??"]
[Round "?"]
[White "Verlan, Sergei"]
[Black "Iordache, Claudiu Badea"]
[Result "1/2-1/2"]
[WhiteElo "2300"]
[BlackElo "2175"]
[PlyCount "85"]
[EventDate "1998.09.??"]
[EventType "swiss"]
[EventRounds "11"]
[EventCountry "ROU"]
[SourceTitle "EXT 2000"]
[Source "ChessBase"]
[SourceDate "1999.11.16"]
[SourceVersion "1"]
[SourceVersionDate "1999.11.16"]
[SourceQuality "1"]

1. e4 e6 2. d3 d5 3. Nd2 Nf6 4. Ngf3 b6 5. c3 Bb7 6. e5 Nfd7 7. d4 f6 8. exf6 Qxf6 9. Bd3 Bd6 10. 0-0 0-0 11. Qe2 e5 12. dxe5 Nxe5 13. Nxe5 Qxe5 14. Qxe5 Bxe5 15. Nf3 Bd6 16. Ng5 h6 17. Ne6 Rf6 18. Nd4 Ba6 19. Bxa6 Nxa6 20. Be3 Bf8 21. Rad1 Nc5 22. Rfe1 c6 23. f3 Re8 24. Bf2 Rxe1+ 25. Bxe1 Kf7 26. Bh4 g5 27. Bf2 Nb7 28. h4 Na5 29. b3 Nb7 30. hxg5 hxg5 31. Be3 Rg6 32. Kf2 Nc5 33. Ke2 Nd7 34. Nf5 Bc5 35. Bd4 g4 36. Bxc5 gxf3+ 37. gxf3 Nxc5 38. Ne3 Rh6 39. Kf2 Rh2+ 40. Ng2 Rh3 41. Rd4 Rh1 42. Ne1 Rh2+ 43. Ng2 1/2-1/2

[Event "ROM-chT2"]
[Site "Sovata"]
[Date "1997.??.??"]
[Round "6"]
[White "Miron, Toma"]
[Black "Iordache, Claudiu Badea"]
[Result "1-0"]
[WhiteElo "2190"]
[BlackElo "2195"]
[PlyCount "107"]
[EventDate "1997.10.??"]
[EventType "team-tourn"]
[EventRounds "7"]
[EventCountry "ROU"]
[SourceTitle "EXT 2000"]
[Source "ChessBase"]
[SourceDate "1999.11.16"]
[SourceVersion "1"]
[SourceVersionDate "1999.11.16"]
[SourceQuality "1"]

1. e4 e6 2. d4 d5 3. Nc3 Bb4 4. e5 c5 5. a3 Bxc3+ 6. bxc3 Ne7 7. Nf3 Bd7 8. Be2 Qa5 9. Bd2 Nbc6 10. c4 Qc7 11. cxd5 Nxd5 12. c3 0-0 13. Bd3 f5 14. exf6 Nxf6 15. 0-0 Rae8 16. Re1 Kh8 17. Ne5 Bc8 18. Bf4 Nxe5 19. Bxe5 Qf7 20. Re3 cxd4 21. cxd4 Rd8 22. Rh3 g6 23. Rf3 Qe7 24. Qd2 Kg8 25. Qg5 Nd5 26. Qg3 Rxf3 27. Qxf3 Qf7 28. Qg3 Bd7 29. h4 Nf6 30. Qg5 Rf8 31. Bd6 Rc8 32. Re1 Bc6 33. Re3 Bd5 34. Be5 Nh5 35. f4 Ng7 36. g4 Bc4 37. Be4 Bd5 38. Bxd5 exd5 39. Bxg7 Qxg7 40. Qxd5+ Qf7 41. Re6 Rf8 42. Kg2 b5 43. g5 Kh8 44. Qe5+ Kg8 45. Kg3 Rc8 46. d5 a5 47. Re7 Qf8 48. d6 b4 49. axb4 axb4 50. d7 Rc3+ 51. Qxc3 Qxe7 52. Qc4+ Kf8 53. Qd3 Qd8 54. Qd6+ 1-0